| 000 | 00703nam a2200193Ii 4500 | ||
|---|---|---|---|
| 003 | JO-AjNU | ||
| 008 | 230605s9999||||xx |||||||||||||| ||und|| | ||
| 040 |
_aJO-AjNU _bara _erda _cJO-AjNU |
||
| 041 | _aara | ||
| 050 | 1 | 4 | _aAE10.55.M3 1980 |
| 100 | 3 |
_aإشراف غربال، محمد شفيق, _eauthor _959346 |
|
| 245 | 0 | 0 | _aالموسوعة العربية الميسرة ش-ي، ج2 |
| 264 | 3 | 1 | _aبيروت: دار نهضة لبنان، 1980 |
| 300 |
_aج2: 2000ص _bيشتمل على خرائط ولوحات وصور |
||
| 336 |
_atext _btxt _2rdacontent |
||
| 337 |
_aunmediated _bn _2rdamedia |
||
| 338 |
_avolume _bnc _2rdacarrier |
||
| 650 | 4 |
_aدوائر المعارف العربية _959347 |
|
| 999 |
_aA26701 _c30269 _d30269 |
||